Czyja to stolica Ameryka Południowa - Statystyki

Ogólne statystyki
  • Ten quiz został rozwiązany 303 razy
  • Średni wynik to 8 z 12
Statystyki odpowiedzi
Hint Odpowiedź % Poprawnych
Argentyna Buenos Aries
88%
Brazylia Brasilia
86%
Peru Lima
79%
Urugwaj Montevideo
77%
Kolumbia Bogota
71%
Wenezuela Caracas
66%
Ekwador Quito
66%
Chile Santiago
66%
Gujana Georgetown
62%
Suriam Paramaribo
60%
Boliwia La Paz/Sucre
59%
Paragwaj Asuncion
58%
Nie znaleziono quizów pasujących do podanych kryteriów
Rozkład punktacji
Procent ludzi z każdym wynikiem
Percentyl według liczby udzielonych odpowiedzi
Twoja historia wyników
Nie rozwiązałeś tego quizu